00381nam a22001337a 450000500170000000800410001704100230005808200120008110000130009324500390010626000460014530000310019165000250022220240702144723.0240702b |||||||| |||| 00| 0 eng d aEnglish/Afrikaans  a349 SOU lEnglish  aSouth African Criminal Law Reports aCape Town: bJuta and Company Ltd, c1996 blxix, 743 pages; c26 cm.  aLegal practice bLaw